000
00295nam a22001457a 4500
008
230529b ||||| |||| 00| 0 eng d
020
_a
9782879290652
041
_a
FRA
080
_a
82
082
_a
82FOR
100
_a
38
101
_a
GJL
245
_a
MA MERE
_c
FORD.R
942
_2
udc
_c
BK
999
_c
59856
_d
59856